Tyre emissions: Analytical testing of 6PPD and its alternatives, and identifying emerging compounds of concern (Record no. 75643)

MARC details
000 -LEADER
fixed length control field 00559nam a22001457a 4500
100 ## - MAIN ENTRY--AUTHOR NAME
Personal name Molden, N.
245 ## - TITLE STATEMENT
Title Tyre emissions: Analytical testing of 6PPD and its alternatives, and identifying emerging compounds of concern
260 ## - PUBLICATION, DISTRIBUTION, ETC. (IMPRINT)
Name of publisher International Rubber Conference-Rubber Con 2024: Sustainable Development in Rubber Industry-Challenges and Opportunities, 5-7 December 2024, Indian Rubber Institute, Kochi, India, p. 88.
300 ## - PHYSICAL DESCRIPTION
Other physical details Abstract only
650 ## - SUBJECT ADDED ENTRY--TOPICAL TERM
Topical Term Emissions
650 ## - SUBJECT ADDED ENTRY--TOPICAL TERM
Topical Term 6PPD
650 ## - SUBJECT ADDED ENTRY--TOPICAL TERM
Topical Term Tyres
942 ## - ADDED ENTRY ELEMENTS (KOHA)
Koha item type Journals
Holdings
Withdrawn status Lost status Damaged status Not for loan Home library Current library Date acquired Koha item type
        RRII Library RRII Library 24/09/2025 Journals